| 000 | 01445cam a2200349 a 4500 | ||
|---|---|---|---|
| 001 | EDZ0000019106 | ||
| 003 | StDuBDS | ||
| 005 | 20161031105133.0 | ||
| 006 | m||||||||d|||||||| | ||
| 007 | cr ||||||||||| | ||
| 008 | 110107s2004 caua fo 001|0|eng|d | ||
| 020 |
_a9781412973526 (ebook) : _cNo price |
||
| 040 |
_aStDuBDS _beng _cStDuBDS _epn |
||
| 049 | _aAlfaisal Main Library | ||
| 050 | 4 | _aHN17.5 | |
| 082 | 0 | 4 |
_a361.1 _222 |
| 245 | 0 | 0 |
_aHandbook of social problems _h[electronic resource] : _ban international, comparative perspective / _cedited by George Ritzer. |
| 260 |
_aThousand Oaks, [Calif.] ; _aLondon : _bSAGE, _cc2004. |
||
| 300 |
_a1 online resource (xi, 687 p.) : _bill. |
||
| 520 | 8 | _aThe 'Handbook of Social Problems' is devoted to the state of knowledge of social problems. Focussed on social problems of global interest, with weight towards American society, top sociologists have contributed chapters to this text. | |
| 521 | _aSpecialized. | ||
| 588 | _aDescription based on print version record. | ||
| 504 | _aIncludes bibliographical references and index. | ||
| 650 | 0 | _aSocial problems. | |
| 650 | 0 |
_aSocial problems _zUnited States. |
|
| 655 | 7 |
_aElectronic books. _2local |
|
| 700 | 1 | _aRitzer, George. | |
| 710 | 2 | _aSage eBooks | |
| 776 | 0 | 8 |
_iPrint version : _z9780761926108 |
| 856 | 4 | 0 | _uhttp://ezproxy.alfaisal.edu/login?url=http://sk.sagepub.com/reference/hdbk_socproblems |
| 942 |
_2lcc _cEBOOKS |
||
| 999 |
_c480108 _d480108 |
||